Statistics for Top Websites by Wikipedia Introduction

Click here to take the quiz!

General Stats

  • This quiz has been taken 28 times
  • The average score is 10 of 16

Answer Stats

Alexa RankCountryWhat Wikipedia SaysAnswer% Correct
5United States__________ is a free online encyclopedia with the aim to allow anyone to edit articles.Wikipedia
100%
2United States________ is an American video-sharing website headquartered in San Bruno, California. The service was created by three former PayPal employees—Chad Hurley, Steve Chen, and Jawed Karim—in February 2005.YouTube
100%
13United States_______ is an online news and social networking service where users post and interact with messages, called "tweets." These messages were originally restricted to 140 characters, but on November 7, 2017, the limit was doubled to 280 characters for all languages except Japanese, Korean and Chinese.Twitter
100%
3United States________ is an American for-profit corporation and an online social media and social networking service based in Menlo Park, California. The Facebook website was launched on February 4, 2004, by Mark Zuckerberg, along with fellow Harvard College students and roommates, Eduardo Saverin, Andrew McCollum, Dustin Moskovitz, and Chris Hughes.Facebook
95%
1United States______ is an American multinational technology company that specializes in Internet-related services and products. These include online advertising technologies, search, cloud computing, software, and hardware. ______ was founded in 1998 by Larry Page and Sergey Brin while they were Ph.D. students at Stanford University, in California.Google
90%
11United States__________, Inc., doing business as ______, is an American electronic commerce and cloud computing company based in Seattle, Washington that was founded by Jeff Bezos on July 5, 1994. The tech giant is the largest Internet retailer in the world measured by revenue and market capitalization, and second largest after Alibaba Group in terms of total sales.Amazon
90%
18United States_________ is a mobile, desktop, and Internet-based photo-sharing application and service that allows users to share pictures and videos either publicly, or privately to pre-approved followers. It was created by Kevin Systrom and Mike Krieger, and launched in October 2010 as a free mobile app exclusively for the iOS operating system.Instagram
90%
31United States_______ is an American entertainment company founded by Reed Hastings and Marc Randolph on August 29, 1997, in Scotts Valley, California. It specializes in and provides streaming media and video-on-demand online and DVD by mail.Netflix
90%
8United States_______ is an American social news aggregation, web content rating, and discussion website. Registered members submit content to the site such as links, text posts, and images, which are then voted up or down by other members.Reddit
62%
6United States______ is a web services provider that is wholly owned by Verizon Communications through Oath Inc. and headquartered in Sunnyvale, California. The original _______ company was founded by Jerry Yang and David Filo in January 1994 and was incorporated on March 2, 1995.Yahoo!
52%
50United States______ is a live streaming video platform owned by _______ Interactive, a subsidiary of Amazon.com. Introduced in June 2011 as a spin-off of the general-interest streaming platform, Justin.tv, the site primarily focuses on video game live streaming, including broadcasts of eSports competitions, in addition to creative content, "real life" streams, and more recently, music broadcasts.Twitch.tv
43%
4China______, Inc., incorporated on 18 January 2000, is a Chinese web services company headquartered at the _____ Campus in Beijing's Haidian District. It is one of the largest internet companies, and one of the premier AI leaders in the world. The holding company of the group was incorporated in the Cayman Islands. _____ was established in 2000 by Robin Li and Eric Xu.Baidu
33%
42United States___ (stylized as ___) is a web portal and related collection of Internet services and apps for Windows and mobile devices, provided by Microsoft and launched on August 24, 1995, the same release date as Windows 95. The Microsoft Network was initially a subscription-based dial-up online service that later became an Internet service provider named ___ Dial-up.MSN
24%
16United States____________ is a discontinued brand-name for a set of web services and software products from Microsoft as part of their software plus services platform. It has been superseded by a product branded Office 365. Chief components under the brand name include web services (all of which are exposed through corresponding web apps), several computer programs that interact with the services, and specialized web services for mobile devices.Windows Live
19%
41United States______________ is a blogging platform that is owned and hosted online by Automattic. It is run on __________, an open source software used by bloggers. This website provides free blog hosting for registered users and is financially supported via paid upgrades, "VIP" services and advertising.WordPress
14%
49United States______________ is a privately held website, the flagship site of the ______ Exchange Network, created in 2008 by Jeff Atwood and Joel Spolsky. It was created to be a more open alternative to earlier question and answer sites such as Experts-Exchange. The name for the website was chosen by voting in April 2008 by readers of Coding Horror, Atwood's popular programming blog.Stack Overflow
5%

Score Distribution

Percentile by Number Answered

Percent of People with Each Score

Your Score History

You have not taken this quiz